Offshore wind energy development: the challenges for English law (Record no. 73222)

MARC details
000 -LEADER
fixed length control field 01399cam a2200241 4500
001 - CONTROL NUMBER
control field ABS66979
008 - FIXED-LENGTH DATA ELEMENTS--GENERAL INFORMATION
fixed length control field 030814n2003 000 0 eng u
035 ## - SYSTEM CONTROL NUMBER
System control number (Sirsi) u123272
245 ## - TITLE STATEMENT
Title Offshore wind energy development: the challenges for English law
260 ## - PUBLICATION, DISTRIBUTION, ETC.
Date of publication, distribution, etc. 2003
490 ## - SERIES STATEMENT
Series statement Journal of Planning and Environment Law
Volume/sequential designation July 2003, 939-964(25)
520 ## - SUMMARY, ETC.
Summary, etc. Addresses the legislative deficit facing UK offshore wind farm development seaward of territorial waters and other legal challenges under English and Welsh law surrounding the development of wind farms at sea. Deals only with the issues leading up to and surrounding erection of wind farm structures at sea and not with other aspects of offshore wind farm developments with an emphasis upon domestic law. Recognises that a multi-disciplinary legal approach is essential to ensure the success of off-shore wind energy development off the UK combining an awareness of relevant public international and European Community law with that of key domestic law. Annotations and references.
590 ## - LOCAL NOTE (RLIN)
Local note ABS
650 ## - SUBJECT ADDED ENTRY--TOPICAL TERM
Topical term or geographic name entry element WIND FARMS
650 ## - SUBJECT ADDED ENTRY--TOPICAL TERM
Topical term or geographic name entry element WIND ENERGY
650 ## - SUBJECT ADDED ENTRY--TOPICAL TERM
Topical term or geographic name entry element RENEWABLE ENERGY SOURCES
650 ## - SUBJECT ADDED ENTRY--TOPICAL TERM
Topical term or geographic name entry element TERRITORIAL WATERS
650 ## - SUBJECT ADDED ENTRY--TOPICAL TERM
Topical term or geographic name entry element OFFSHORE WIND POWER
650 ## - SUBJECT ADDED ENTRY--TOPICAL TERM
Topical term or geographic name entry element ENVIRONMENTAL IMPACT ASSESSMENTS
650 ## - SUBJECT ADDED ENTRY--TOPICAL TERM
Topical term or geographic name entry element TRANSPORT AND WORKS ACT 1992
690 ## - LOCAL SUBJECT ADDED ENTRY--TOPICAL TERM (OCLC, RLIN)
Topical term or geographic name as entry element ENVIRONMENTAL AND LAND CONSULTANCY-ENERGY
942 ## - ADDED ENTRY ELEMENTS (KOHA)
Suppress in OPAC 0
Holdings
Withdrawn status Lost status Source of classification or shelving scheme Damaged status Not for loan Home library Current library Shelving location Date acquired Total Checkouts Full call number Barcode Date last seen Copy number Price effective from Koha item type
    Dewey Decimal Classification     London London Journal article 14/08/2003   ABS66979 123272-1001 06/08/2019 1 06/08/2019 Journal article